| 000 | 00353cam a22001097a 4500 | ||
|---|---|---|---|
| 008 | 180718b1966 xxu||||| |||| 00| 0 eng d | ||
| 082 | _aN4x5461 In/Int | ||
| 245 |
_aInterim report of the delhi police commission _cby Ministry of Home Affairs |
||
| 260 |
_aDelhi _bMinistry of Home Affairs _c1966 |
||
| 300 | _a81p. | ||
| 700 | _aIndia. Ministry of Home Affair | ||
| 999 |
_c493916 _d493916 |
||